|
|
|
|
| LEADER |
00000nab a2200000 4500 |
| 001 |
vtls011902081 |
| 003 |
SK-MaSNL |
| 005 |
20260304233426.0 |
| 008 |
191121|2017 xo |||| ||an ||00 0|slo |
| 015 |
|
|
|a SNBRB2019/11
|
| 040 |
|
|
|a SPKCL
|b slo
|e rda
|
| 041 |
|
|
|a slo
|b slo
|
| 044 |
|
|
|a xo
|c SK
|
| 072 |
|
7 |
|a 028
|x Čítanie
|2 konspekt
|
| 080 |
|
|
|a 37.014.22:028
|2 2011
|
| 100 |
1 |
|
|a Džačovská, Slávka
|4 aut
|9 1108482
|
| 245 |
1 |
0 |
|a Mozaika čitateľskej gramotnosti
|c Slávka Džačovská
|
| 336 |
|
|
|a text
|b txt
|2 rdacontent
|
| 337 |
|
|
|a bez média
|b n
|2 rdamedia
|
| 338 |
|
|
|a zväzok
|b nc
|2 rdacarrier
|
| 504 |
|
|
|a Obsahuje bibliografiu
|
| 546 |
|
|
|a Slovenské resumé
|
| 650 |
0 |
7 |
|a čitateľská gramotnosť
|2 SNKPH
|9 69767
|
| 650 |
0 |
7 |
|a čítanie s porozumením
|2 SNKPH
|9 74316
|
| 650 |
0 |
7 |
|a čítanie
|2 SNKPH
|9 1654
|
| 773 |
0 |
|
|t Pedagogické rozhľady (online)
|g Roč. 25, č. 4 (2016), s. 10-12
|x 1335-0404
|
| 856 |
4 |
1 |
|u www.mpc-edu.sk/casopis/pedagogicke-rozhlady
|
| 958 |
|
|
|a NB
|2 snkbucl
|
| 999 |
|
|
|c 3198549
|d 3200479
|